00000000nam##2200000za#4500
0019.573832
003CaOODSP
00520210624183905
007cr |||||||||||
008150406|1994||||xxc|||||o    f|0| 0 eng|d
022 |a1488-5379
040 |aCaOODSP|beng
043 |an-cn---
0861 |aFs97-6/1951E-PDF
1101 |aCanada. |bDepartment of Fisheries and Oceans. |bCentral and Arctic Region.
24512|aA bibliography of marking fishes with tetracyclines including references to effects on fishes / |h[electronic resource]|cby R.J. Wastle, J.A. Babaluk and G.M. Decterow.
260 |aWinnipeg - Manitoba : |bFisheries and Oceans Canada. |c1994.
300 |a30p.|breferences, index
4901 |aCanadian technical report of fisheries and aquatic sciences|x1488-5379|vNo. 1951
500 |aIncorrect catalogue number (Fs97-4/1951E) and the ISSN (0706-6457) for the print edition have been copied in this electronic publication.
504 |aBibliography.
546 |a(Résumé en français)
590 |a12-23-Supp|b2012-05-28
7201 |aBabaluk, J. A.
7201 |aWastle, R. J.
7201 |aDecterow, G. M.
7760#|tA bibliography of marking fishes with tetracyclines including references to effects on fishes / |w(CaOODSP)9.611528
830#0|aCanadian technical report of fisheries and aquatic sciences,|x1488-5379|vNo. 1951|w(CaOODSP)9.504449
85640|ahttp://publications.gc.ca|qPDF|s3.34 MB|uhttps://publications.gc.ca/collections/collection_2012/mpo-dfo/Fs97-6-1951-eng.pdf|yNo. 1951